Logo BPK

Biblioteka

Politechniki Koszalińskiej

ESP: teaching English for specific purposes / (Rekord nr 48282)

Szczegóły MARC
000 -ETYKIETA REKORDU
podpole kontrolne o stałej długości 00514nam a2200181 i 4500
001 - NUMER KONTROLNY REKORDU
pole kontrolne bgj
040 ## - ŹRÓDŁO KATALOGOWANIA
Instytucja, która utworzyła rekord BPK
041 0# - KOD JĘZYKA
Kod języka tekstu eng
920 ## - Międzynarodowy znormalizowany numer książki – ISBN
ISBN brak
008 - POLE O STAŁEJ DŁUGOŚCI - DANE KONTROLNE
podpole kontrolne o stałej długości s uk f |000 0 eng
100 1# - NAZWA OSOBOWA
Nazwa osobowa SCHLEPPEGRELL, Mary
245 10 - TYTUŁ/ODPOWIEDZIALNOŚĆ
Tytuł ESP: teaching English for specific purposes /
Pozostałe elementy strefy tytułu i oznaczenia odpowiedzialności Mary Schleppegrell and Brenda Brown.
260 ## - STREFA ADRESU WYDAWNICZEGO
Miejsce wydania Washington, DC :
Nazwa wydawcy/dystrybutora United States Peace Corps,
Data publikacji, dystrybucji/powstania dokumentu 1986.
300 ## - STREFA OPISU FIZYCZNEGO
Objętość 110, [3] pp :
Inne cechy fizyczne ill. ;
Rozmiary 28 cm.
650 #9 - HASŁO PRZEDMIOTOWE W FORMIE NAZWY OGÓLNEJ LUB JEDNOSTKOWEJ
Nazwa ogólna lub geograficzna Basic English
700 1# - HASŁO DODATKOWE - NAZWA OSOBOWA
Nazwa osobowa BROWN, Brenda
856 ## - LOKALIZACJA I DOSTĘP DO ELEKTRONICZNYCH DOKUMENTÓW ZDALNYCH
Link (URL) http://koha.tu.koszalin.pl/cgi-bin/koha/opac-detail.pl?biblionumber=48282
Tekst linku Katalog online BPK
942 ## - DODATKOWE ELEMENTY (KOHA)
Typ dokumentu Książka
Egzemplarze
Wycofany Status egzemplarza Uszkodzony Dostępność Lokalizacja stała Lokalizacja bieżąca Miejsce przechowywania Sygnatura Kod kreskowy Typ dokumentu
      Tylko na miejscu Biblioteka Politechniki Koszalińskiej Biblioteka Politechniki Koszalińskiej Czytelnia Wydziałowa ul. Kwiatkowskiego 6e KA 5519 09087088 Książka
© 2023 Biblioteka Politechniki Koszalińskiej :: KOHA